| 000 | 00602nam a2200253 a 4500 | ||
|---|---|---|---|
| 001 | nice12345678 | ||
| 003 | IN_TiNIC | ||
| 005 | 20260116013509.0 | ||
| 008 | 050524s1901 kana grp 000 0 ara | ||
| 020 |
_a _c100 |
||
| 082 | 0 | 0 |
_a297.12203 _bAHM |
| 100 | _aAhmad, Shaheeduddin | ||
| 245 | _aUmda Lughat-E-Qur`an. | ||
| 260 |
_aKanpur _bMatba-E-Razzaqi _c1901 |
||
| 300 | _a166p | ||
| 500 | _aincludes index and biblioraphy | ||
| 505 | 2 | _aIndex | |
| 650 | _aQuran-Dictionary | ||
| 650 | _aComics | ||
| 700 | 1 | _aAhmad, Shaheeduddin | |
| 902 | _bRBA | ||
| 942 | _cBK | ||
| 999 |
_c11216 _d11216 |
||